Canadian Medical Schools on a Map Quiz Stats

 Plays Quiz not verified by Sporcle

Support Sporcle.
Go Orange.
Score 0/17 Timer 07:00
0 Plays Today
% Correct
University of Toronto
94.1%
University of Ottawa
83.8%
Université de Montréal
83.8%
University of Saskatchewan
83.8%
Cumming School of Medicine
(University of Calgary)
82.4%
University of Alberta
80.9%
University of Manitoba
80.9%
University of British Columbia
75%
McGill University
75%
% Correct
Queens University
67.6%
Schulich School of Medicine &
Dentistry (Western)
67.6%
Dalhousie University
64.7%
Michael G. DeGroote School
of Medicine (McMaster)
63.2%
Université Laval
61.8%
Memorial University of Newfoundland
51.5%
Université de Sherbrooke
47.1%
Northern Ontario
School of Medicine
36.8%

You're not logged in!

Compare scores with friends on all Sporcle quizzes.
OR
Log In

From the Vault

Anything but Pakistan

by SporcleEXP

The answer is probably Kyrgyzstan.
Remove Ads.
Support Sporcle.
Get the best of Sporcle when you Go Orange. This ad-free experience offers more features, more stats, and more fun while also helping to support Sporcle. Thank you for becoming a member.

Show Comments

Extras

Top Quizzes Today


Score Distribution

Your Account Isn't Verified!

In order to create a playlist on Sporcle, you need to verify the email address you used during registration. Go to your Sporcle Settings to finish the process.

Report this User

Report this user for behavior that violates our Community Guidelines.

Details: